| 000 | 00634nam a2200217Ia 4500 | ||
|---|---|---|---|
| 008 | 160319s9999 xx 000 0 und d | ||
| 020 | _a9712711528 (pbk.) | ||
| 050 | _a899.211 | ||
| 050 | _bF482 2001 | ||
| 245 | _aFilipinos writing : | ||
| 245 | _bPhilippine literature from the regions / | ||
| 245 | _cBienvenido Lumbera, general editor. | ||
| 260 | _aPasig City : | ||
| 260 | _bAnvil Pub. Inc. | ||
| 260 | _c2001 | ||
| 300 | _axvii, 535 p. ; | ||
| 300 | _c26 cm. | ||
| 650 | _aPhilippine literature -- Collections. | ||
| 650 | _aPhilippine poetry -- Collections. | ||
| 700 | _aLumbera, Bienvenido L., 1932-, ed. | ||
| 999 |
_c292214 _d292214 |
||